01046 2200313 4500001002100000005001500021035002000036007000300056008004100059020002200100082001600122084001800138100004000156245013600196300004500332650002200377700004200399700003700441700002600478264005400504336002100558337003000579338002300609040002200632090002200654850001200676999002200688990002200710INLIS00000000089190720241212111346 a0010-1224000454ta241212s2024 yoia c 1 eng d a978-602-6806-34-504223a028.534 a028.534 FEL b0 aFelicia Vinanda PrasetyaePengarang10aBelieve in miracle /cFelicia Vinanda Prasetya, Lemmuela Alvita Kurniawati; ilustrator, Treestyara Falckayla; penyunting, Mega Wati a12 halaman :bilustrasi, gambar ;c21 cm 4aBacaan kanak-anak0 aLemmuela Alvita KurniawatiePengarang0 aTreestyara FalckaylaeIlustrator0 aMega WatiePenyunting31aYogyakarta :bDuta Wacana University Press,c2024 2rdacontentateks 2rdamediaatanpa perantara 2rdacarrieravolume aYOPDYOGbinderda aCB-D.11 2024-3764 aYOPDYOG aCB-D.11/2024-3764 aCB-D.11/2024-3764